[Event "Buenos Aires Torre Blanca U2400 op"]
[Site "Buenos Aires"]
[Date "2023.01.07"]
[Round "3"]
[White "Quezada, Franco"]
[Black "Vasquez Vargas, Henry Richard"]
[Result "1/2-1/2"]
[WhiteElo "1967"]
[BlackElo "2073"]
[PlyCount "134"]
[EventDate "2023.01.06"]
[EventType "swiss"]
[EventRounds "6"]
[EventCountry "ARG"]
[SourceTitle "CBM 212 Extra"]
[Source "ChessBase"]
[SourceDate "2023.03.31"]
[SourceVersion "1"]
[SourceVersionDate "2023.03.31"]
[SourceQuality "1"]

1. e4 Nf6 2. e5 Nd5 3. d4 d6 4. Nf3 dxe5 5. Nxe5 c6 6. Bd3 Nd7 7. Nf3 N7f6 8. a3 Bg4 9. h3 Bh5 10. c4 Nc7 11. Be3 e6 12. Bc2 Be7 13. 0-0 0-0 14. Nbd2 a5 15. Qb1 b5 16. b3 bxc4 17. bxc4 c5 18. dxc5 Rb8 19. Qc1 Na6 20. Ne5 Rc8 21. c6 Bd6 22. f4 Qc7 23. Qb2 Bc5 24. Qc3 Rfd8 25. Ne4 Nxe4 26. Bxe4 f6 27. Nd7 Bxe3+ 28. Qxe3 Be8 29. Rab1 Bxd7 30. cxd7 Rb8 31. Rxb8 Nxb8 32. Bd5 Nxd7 33. Qxe6+ Kh8 34. Re1 h6 35. Qf7 Qc5+ 36. Kh1 Qf8 37. Qxf8+ Rxf8 38. Re7 Rd8 39. Kh2 Nb6 40. Bf7 Rd7 41. Rxd7 Nxd7 42. Kg3 g5 43. Be8 Nc5 44. Kg4 Kg7 45. fxg5 fxg5 46. Kf5 Kf8 47. Bc6 Kf7 48. Bd5+ Ke7 49. Kg6 Nd3 50. Kxh6 Kf6 51. g3 Ne5 52. Kh5 Nd7 53. h4 gxh4 54. Kxh4 Nf8 55. c5 Ke7 56. Bf3 Ne6 57. c6 Kd6 58. Kh5 Nd4 59. Bg2 Ne2 60. Kg4 a4 61. Kf3 Nd4+ 62. Ke3 Nc2+ 63. Kd2 Nxa3 64. Kc3 Nb5+ 65. Kb4 a3 66. Kb3 Nd4+ 67. Kxa3 Nxc6 1/2-1/2

[Event "Mar del Plata"]
[Site "Mar del Plata"]
[Date "2017.10.23"]
[Round "4"]
[White "Quezada, Franco"]
[Black "Fidel, Roberto Oscar"]
[Result "0-1"]
[WhiteElo "1829"]
[BlackElo "2134"]
[PlyCount "42"]
[EventDate "2017.10.16"]
[EventType "tourn"]
[EventRounds "11"]
[EventCountry "ARG"]
[SourceTitle "CBM 181 Extra"]
[Source "ChessBase"]
[SourceDate "2017.12.12"]
[SourceVersion "1"]
[SourceVersionDate "2017.12.12"]
[SourceQuality "1"]

1. e4 c5 2. Nf3 d6 3. d4 cxd4 4. Nxd4 Nf6 5. Nc3 a6 6. Be3 e5 7. Nb3 Be6 8. f3 Nbd7 9. Qd2 Qc7 10. g4 b5 11. a4 b4 12. Nd5 Bxd5 13. exd5 Nb6 14. Bd3 Be7 15. g5 Nfxd5 16. Bxb6 Nxb6 17. Qxb4 d5 18. Qg4 Nc4 19. Bxc4 dxc4 20. Nd2 c3 21. bxc3 Qxc3 0-1